000 00615nam a2200181Ia 4500
003 LK-CoDNM
008 010623t1993 xxu||||| |||| 00| 1 sin d
040 _aLK-CoDNM
_dLK-CoDNM
_eLK-CoDNM
041 _asin
080 _a32
_bGUN
100 _aGunasekara, P.Wijesiri
245 _aසාර්ථක ගුරුවරයකු හා ඵලදායි විදුහල්පතිවරයකු වීමට
246 _aSaarthaka guruwarayaku haa paladai viduhalpathiwarayaku viimata
260 _bAuthor
_aMaharagama
_c1993
300 _b(xvi)205, 21.5 cm
650 _aSchool management
942 _cBK
999 _c116316
_d116316